000 00311pam a2200133a 44500
008 230405s xxu||||| |||| 00| 0 eng d
041 _aENG
100 _aPHADAKE SNEHA
245 _aCOMPUTER PROGRAMMING
250 _a2 1998
260 _aPUNE
_bTECHNOVA PUBLICATION PUNE
_c
650 _aCOMPUTER
906 _a283
999 _c265722
_d265722